Harmonised system nomenclature: A reference manual on rubber and rubber products (Record no. 52446)

MARC details
000 -LEADER
fixed length control field 00549nam a2200169Ia 4500
100 ## - MAIN ENTRY--AUTHOR NAME
Personal name George K.T.
245 #0 - TITLE STATEMENT
Title Harmonised system nomenclature: A reference manual on rubber and rubber products
260 ## - PUBLICATION, DISTRIBUTION, ETC. (IMPRINT)
Name of publisher Rubber Research Institute of India, Kottayam, Kerala, India, 74 p.
Year of publication 2005
650 ## - SUBJECT ADDED ENTRY--TOPICAL TERM
Topical Term Foreign trade
650 ## - SUBJECT ADDED ENTRY--TOPICAL TERM
Topical Term Harmonised commodity description
650 ## - SUBJECT ADDED ENTRY--TOPICAL TERM
Topical Term Harmonised system code
650 ## - SUBJECT ADDED ENTRY--TOPICAL TERM
Topical Term Rubber product
650 ## - SUBJECT ADDED ENTRY--TOPICAL TERM
Topical Term Tariff policy
700 ## - ADDED ENTRY--PERSONAL NAME
Personal name Joseph J.[a]
942 ## - ADDED ENTRY ELEMENTS (KOHA)
Koha item type Bibliography STAF
Holdings
Withdrawn status Lost status Damaged status Not for loan Home library Current library Date acquired Koha item type
      Bibliography RRII Library RRII Library 09/04/2014 Bibliography STAF